000
00299nam a22001337a 4500
003
SGT
020
_a
8171321224
082
_a
371.35,SHA
100
_a
SHARMA, S. R
245
_a
ORGANISATION OF DISTANCE EDUCATION
260
_a
JAIPUR
_b
POINTER PUBLISHARS
_c
2008
300
_a
200
942
_2
ddc
_c
BK
999
_c
34044
_d
34044